Normal view
MARC view
- Donald L . Burdick, William L. Leffler
Entry Personal Name
001 - CONTROL NUMBER
- control field: 127102
003 - CONTROL NUMBER IDENTIFIER
- control field: NUST
005 - DATE AND TIME OF LATEST TRANSACTION
- control field: 20241212122951.0
008 - FIXED-LENGTH DATA ELEMENTS
- fixed length control field: 241212|| aca||aabn | a|a d
040 ## - CATALOGING SOURCE
- Original cataloging agency: NUST
- Transcribing agency: NUST
100 ## - HEADING--PERSONAL NAME
- Personal name: Donald L . Burdick, William L. Leffler
670 ## - SOURCE DATA FOUND
- Source citation: Work cat.: (NUST)564735: Donald L . Burdick, William L. Leffler, Petrochemicals In Nontechnical Language 4th edition /, 2010
